| 000 | 00340nam a22001217a 4500 | ||
|---|---|---|---|
| 008 | 150824b xxu||||| |||| 00| 0 eng d | ||
| 020 | _a0536308926 | ||
| 082 | _a510 BIT | ||
| 100 | _aBITTINGER, MARVIN.L | ||
| 245 | _aMAT 060 DEVELOPMENAL MATHEMATICS STUDENT RESOURCE GUIDE | ||
| 250 | _a4TH | ||
| 260 |
_aNEW YORK _bPERSON CUSTOM PUBLISHING _c2006 |
||
| 999 |
_c636 _d636 |
||